| 000 | 00000cam 2200000zi 4500 |
| 001 | 9.960253 |
| 003 | CaOODSP |
| 005 | 20260515141230 |
| 006 | m o d f |
| 007 | cr cn||||||||| |
| 008 | 260223t20262026oncd ob f000 0 eng d |
| 020 | |a9780660985848 |
| 040 | |aCaOODSP|beng|erda|cCaOODSP |
| 043 | |an-cn--- |
| 086 | 1 |aSW21-173/2026E-PDF |
| 245 | 00|aWomen's Program evaluation report (December 2025). |
| 264 | 1|aOttawa, Ontario : |bWomen and Gender Equality Canada = Femmes et égalité des genres Canada, |c[2026] |
| 264 | 4|c©2026 |
| 300 | |a1 online resource (35 pages) : |bgraphs |
| 336 | |atext|btxt|2rdacontent |
| 337 | |acomputer|bc|2rdamedia |
| 338 | |aonline resource|bcr|2rdacarrier |
| 500 | |aIssued also in French under title: Évaluation du Programme de promotion de la femme (décembre 2025). |
| 504 | |aIncludes bibliographical references. |
| 520 | |a"This evaluation assesses the relevance, coherence, effectiveness, efficiency, and sustainability of the Women’s Program delivered by Women and Gender Equality Canada (WAGE) for the period from 2016–17 to 2021–22"--Executive summary, page 4. |
| 610 | 10|aCanada. Women and Gender Equality Canada|xEvaluation. |
| 650 | 0|aWomen's rights|xGovernment policy|zCanada. |
| 650 | 0|aSex discrimination against women|xGovernment policy|zCanada. |
| 710 | 1 |aCanada. |bWomen and Gender Equality Canada, |eissuing body. |
| 775 | 08|tÉvaluation du Programme de promotion de la femme (décembre 2025).|w(CaOODSP)9.960254 |
| 795 | |tEvaluation of the Women's Program |w(CaOODSP)9.853457 |
| 856 | 40|qPDF|s931 KB|uhttps://publications.gc.ca/collections/collection_2026/fegc-wage/SW21-173-2026-eng.pdf |
| 856 | 4 |qHTML|sN/A|uhttps://www.canada.ca/en/women-gender-equality/transparency/evaluation-reports/womens-program-evaluation/wp-mid-term-evaluation-full-report.html |